<?xml version="1.0" encoding="UTF-8"?>
<marc:record xmlns:marc="http://www.loc.gov/MARC21/slim">
   <marc:leader>00000nam a2200000 a 4500</marc:leader>
   <marc:datafield ind1="1" ind2=" " tag="100">
      <marc:subfield code="a">Polák, Stephanie</marc:subfield>
      <marc:subfield code="4">aut</marc:subfield>
      <marc:subfield code="e">Verfasser/-in</marc:subfield>
   </marc:datafield>
   <marc:datafield ind1=" " ind2=" " tag="653">
      <marc:subfield code="a">Alltag</marc:subfield>
   </marc:datafield>
   <marc:datafield ind1=" " ind2=" " tag="653">
      <marc:subfield code="a">Antolin</marc:subfield>
   </marc:datafield>
   <marc:datafield ind1=" " ind2=" " tag="653">
      <marc:subfield code="a">Schulgarten</marc:subfield>
   </marc:datafield>
   <marc:datafield ind1=" " ind2=" " tag="653">
      <marc:subfield code="a">Schülerin</marc:subfield>
   </marc:datafield>
   <marc:datafield ind1=" " ind2=" " tag="653">
      <marc:subfield code="a">Klasse-3</marc:subfield>
   </marc:datafield>
   <marc:datafield ind1="0" ind2="0" tag="245">
      <marc:subfield code="a">Cleo und der total (un)coole Gartenclub</marc:subfield>
   </marc:datafield>
   <marc:datafield ind1=" " ind2="1" tag="264">
      <marc:subfield code="b">Südpol</marc:subfield>
      <marc:subfield code="c">2016</marc:subfield>
   </marc:datafield>
   <marc:datafield ind1="1" ind2=" " tag="520">
      <marc:subfield code="a">Was tun, wenn einem die Jungs die Laune verhageln? Nicht grübeln, sondern gärtnern!
Ein neuer Mitschüler macht Cleo und ihren Freundinnen das Leben schwer. Besonders auf Toni hat Jayden es abgesehen, er lässt keine Gelegenheit aus, sie zu mobben. Und auch im Tortenparadies von Cleos Eltern hängt der Haus­segen schief: Eine große Kaffeehauskette eröffnet ihren Laden gleich um die Ecke. Kann das Torten­paradies bei dieser Konkurrenz überleben? Als dann noch der Schul­garten einer Halfpipe weichen soll, die ausgerechnet Jaydens Vater der Schule speandieren will, müssen die Freundinnen sich etwas einfallen lassen ...
Mit 10 tollen Gartentipps zum Pflanzen und Basteln</marc:subfield>
   </marc:datafield>
   <marc:datafield ind1="3" ind2=" " tag="024">
      <marc:subfield code="a">9783943086355</marc:subfield>
   </marc:datafield>
</marc:record>
